MDQL
is popping MORE tags! Check the
thread
!
Quizzes
Events
Quiz Creation
Community
Videos
Private Events
Remove Ads
Sign In
Join for FREE
Feedback
Dark Mode
Quiz Categories
Sports
Geography
Music
Movies
Television
Just For Fun
Miscellaneous
History
Literature
Language
Science
Gaming
Entertainment
Religion
Holiday
For Kids
Quiz Lab
Recent
Popular Today
Quiz Kudos Today
Editor Picks
Curator Picks
Quizzes by...
Day
Popularity
Type
Ratings
Length
Year
Community
Subscriptions
Recent Discussions
Orange Saloon
Badges
Playlists
Quests
Create
Leaderboards
Showdown
Live 5
Trivia Bingo
Activity
Puzzle Library
Sporcle Events
Private Events
Virtual Trivia
Globe League
Become a Host
Pub Owners
SporcleCon
Opinionation
Our Games
Videos
Blog
Mobile Apps
Partnerships
Remove Ads and Go Orange
Feedback
Sports
Athletes
MLB
NBA
NHL
NFL
Soccer
Sports Teams
WWE
NCAA
Football
Premier League
Basketball
Baseball
Hockey
Golf
Tennis
Cricket
Rugby
Auto Racing
Olympics
World Cup
Sports
Athletes
MLB
NBA
NHL
NFL
Soccer
Sports Teams
WWE
NCAA
Football
Premier League
Basketball
Baseball
Hockey
Golf
Tennis
Cricket
Rugby
Auto Racing
Olympics
World Cup
Random Quiz
Search Sporcle
×
Quiz Lab
Quiz Lab
Sports
Famer
Type in answers that appear in a list
Type in answers that appear in a list
Classic
Best Score? Go Orange.
Detroit Red Wings Hockey Hall of Famers Stats
Name the Detroit Red Wings Hockey Hall of Famers
By
Ish
10m
62 Questions
118 Plays
118 Plays
118 Plays
Comments
Comments
Give Quiz Kudos
Give Quiz Kudos
-
- Ratings
hide this ad
More Info
Replay
Link that replays current quiz
Next Quiz
Link to next quiz in quiz playlist
You Got
0%
They Got
Avg Score
41%
Avg Friend Score
Upgrade to see
Score Distribution
Jump to the score distribution portion of the page
Score
0/62
Timer
10:00
0
Plays Today
years with team
player
% Correct
1983-
84 to 2005-
06
Steve Yzerman
97.1%
1946-
47 to 1970-
71
Gordie Howe
93.2%
1934-
35 to 1945-
46
Syd Howe
92.4%
1992-
93 to 1994-
95
Mark Howe
90.2%
1991-
92 to 2011-
12
Nicklas Lidstrom
90.2%
2001-
02, 2003-
04, 2006-
07 to 2007-
08
Dominik Hasek
89%
1998-
99 to 2008-
09
Chris Chelios
89%
1944-
45 to 1956-
57, 1964-
65
Ted Lindsay
88.1%
2001-
02 to 2003-
04
Brett Hull
88.1%
1949-
50 to 1954-
55, 1957-
58 to 1963-
64, 1968-
69
Terry Sawchuk
87.3%
1950-
51 to 1973-
74
Alex Delvecchio
86.4%
1992-
93 to 1995-
96
Dino Ciccarelli
86.4%
1938-
39 to 1942-
43, 1945-
46 to 1951-
52
Sid Abel
83.9%
2010-
11
Mike Modano
83.1%
1996-
97 to 2000-
01
Larry Murphy
80.5%
1984-
85
Darryl Sittler
78%
2001-
02 to 2002-
03
Luc Robitaille
75.4%
1995-
96 to 1999-
00, 2000-
01 to 2002-
03
Igor Larionov
75.4%
2013-
14
Daniel Alfredsson
75%
1994-
95 to 1997-
98
Slava Fetisov
73.7%
1996-
97 to 2005-
06
Brendan Shanahan
72.9%
1947-
48 to 1959-
60
Red Kelly
71.2%
2008-
09
Marian Hossa
70.6%
1971-
72 to 1974-
75
Marcel Dionne
70.3%
1992-
93 to 1995-
96
Paul Coffey
65.3%
1955-
56 to 1967-
68
Norm Ullman
63.6%
1949-
50 to 1964-
65
Marcel Pronovost
50%
1994-
95 to 1996-
97
Mike Vernon
50%
1952-
53, 1954-
55 to 1956-
57
Glenn Hall
48.3%
1989-
90
Bernie Federko
46.6%
1983-
84 to 1984-
85
Brad Park
44.1%
years with team
player
% Correct
1967-
68 to 1970-
71
Frank Mahovlich
44.1%
1929-
30 to 1942-
43
Ebbie Goodfellow
39%
1990-
91 to 2002-
03
Sergei Fedorov
37.3%
1977-
78 to 1981-
82
Vaclav Nedomansky
35%
1985-
86 to 1988-
89
Adam Oates
32.2%
1989-
90
Borje Salming
31.4%
1943-
44, 1944-
45 to 1949-
50
Harry Lumley
29.7%
1961-
62 to 1965-
66
Bill Gadsby
26.3%
1938-
39 to 1942-
43, 1945-
46 to 1949-
50
Jack Stewart
26.3%
1938-
39 to 1939-
40
Tiny Thompson
26.3%
1928-
29 to 1938-
39
Herbie Lewis
24.6%
1938-
39
Charlie Conacher
22.9%
1946-
47
Roy Conacher
22.9%
1978-
79 to 1979-
80
Rogie Vachon
22%
1942-
43 to 1948-
49
Bill Quackenbush
22%
1955-
56 to 1956-
57
Johnny Bucyk
20.3%
1966-
67
Doug Harvey
18.6%
1965-
66 to 1966-
67
Andy Bathgate
17.8%
1944-
45 to 1945-
46
Earl Seibert
17.8%
1927-
28 to 1932-
33
Reg Noble
16.9%
1975-
76 to 1977-
78
Ed Giacomin
14.4%
1933-
34 to 1934-
35
Cooney Weiland
13.6%
1935-
36 to 1938-
39
Marty Barry
11.9%
1942-
43, 1945-
46
Harry Watson
11.9%
1965-
66 to 1966-
67
Leo Boivin
11%
1931-
32
Alex Connell
9.3%
1927-
28 to 1930-
31, 1932-
33
George Hay
8.5%
1926-
27, 1930-
31
Frank Fredrickson
8.5%
1926-
27 to 1927-
28
Frank Foyston
7.6%
1926-
27 to 1927-
28
Hap Holmes
6.8%
1926-
27 to 1927-
28
Jack Walker
5.9%
Quiz Playlist
Details
Report
Send in Message
Add To Playlist
More Info:
Name all Hockey Hall of Famers who ever played for the Detroit Cougars/Falcons/Red Wings. Updated through class of 2023.
Classic:
Type in answers that appear in a list
Quiz Source
Last Updated: Jun 21, 2023
Quiz Scoreboard
CHALLENGE
Sign Up to Join the Scoreboard
Show All
Scores
Hide
Comments
May contain spoilers
Recently Published
Two Season TV Shows II
by 123Four
Television
10m
Image Sorting: Flags VI
by Barbecue
Geography
2m
Find the 'City' Movie
by crazypaving
Movies
60s
More to Explore
Quiz From the Vault
Featured Blog Post
14 Easter Pick-up Lines to Find Eggs With
hide this ad
You Might Also Like...
Tags
detroit
Famer
hall
Player
Red
team
Wing
Today's Top Quizzes in Sports
Browse Sports
hide this ad
Today's Top Quizzes in Famer
Browse Famer
Top Contributed Quizzes in Sports
1
Les meilleurs buteurs des matchs entre le PSG et l’OM
2
Les entraîneurs de l'OM et du PSG au 21e siècle
3
2022 World Cup Stars
4
Les joueurs passés par le PSG et l'OM
5
Players with Multiple 50 Home Run Seasons
6
FIFA Club World Cup Champions
7
Criteria MLB: Left Handed Sluggers
8
Les joueurs passés par le LOSC et le RC Lens
9
Top 10 NHL Goal Scorers of All Time
10
MLB Players with Two .350 Batting Average Seasons
Explore More
Trending Topics
Crossword
NBA
Kpop
Harry Potter
Disney
Anime
Marvel
The Office
Soccer
Country
Puzzle
Song
WWE
NFL
Pokémon
hide this ad
More By:
Ish
Quiz
Plays
Rating
Category
Featured
Created
All-time SHL/Elitserien Teams
1,471
3.00
Sports
Jul 6, 2015
NHL Top 300 American born scorers
533
5.00
Sports
Sep 1, 2022
Quebec Nordiques All-time Players
461
5.00
Sports
Nov 7, 2019
NHL games played top 300
343
5.00
Sports
Nov 24, 2017
100 Winningest NHL Coaches
313
5.00
Sports
Dec 17, 2017
Go to Creator's Profile
Score Distribution
Quiz Creator Spotlight
Ish
Follow
Send a Message
Quizzes Created
-
Created Quiz Play Count
-
More By This Creator
Popular Quizzes Today
1
Find the US States - No Outlines Minefield
2
Colored Red Africa Blitz
3
Find the 'City' Movie
4
5x2 Blitz: Bands
5
The Countries of the World
6
Find the Countries of Europe - No Outlines Minefield
7
Find the US States
8
US States
More Sports Quizzes
Top 100 F1 Drivers
Quiz Lab
Trending Quizzes
Colored Red Europe Blitz I
Colored Red Africa Blitz II
Colored Red Europe Blitz II
Colored Red Africa Blitz III
Colored Red Europe Blitz III
Recently Updated
How Do You Spell That?
pecheneg
Godzilla Movies
pecheneg
Grab Bag: 4-10 Letters
pecheneg
2024 March Madness Bracket
pecheneg
Famous TV Couples
Peacemaker
Champions League XIs: Real Madrid
pecheneg
Largest US Cities 1790-2010
pecheneg
Rides in Walt Disney World
pecheneg
Most Oscar Losses (Acting)
pecheneg
Beyoncé Albums
pecheneg
Trending Topics
NBA
Marvel
Anime
Crossword
Kpop
Disney
Harry Potter
Soccer
The Office
NFL
Puzzle
WWE
Pokémon
Country
Song
Your Account Isn't Verified!
In order to create a playlist on Sporcle, you need to verify the email address you used during registration. Go to your
Sporcle Settings
to finish the process.
Report this User
Report this user for behavior that violates our
Community Guidelines
.
Details:
Send Report
Go to the Sporcle.com Mobile Site →
Comments